| 000 | 01034cam a22003017a 4500 | ||
|---|---|---|---|
| 003 | CHAP | ||
| 005 | 20220329140932.0 | ||
| 008 | 971013s1996 r 00010 d | ||
| 010 | _a60053 | ||
| 011 | _a61025 | ||
| 035 | _a65189 | ||
| 040 | _cCHAP | ||
| 100 | 0 | 0 |
_aOjeda Bustamante, Waldo. _982896 |
| 245 | 0 | _aDetermination of hydraulic properties with point source experiments | |
| 260 |
_aTucson, Arizona : _bThe author, _c1996 |
||
| 300 |
_a211 p. _b: ilus. ; gráfs. |
||
| 500 | _aThesis (Ph. D. Dissertation) -- University of Arizona. Department of Soil Water and Environmental Science | ||
| 590 |
_aBATCH-UPD _b10 _c20130110 _lUCH01 _h1238 |
||
| 590 |
_aBATCH-UPD _b10 _c20130410 _lUCH01 _h0805 |
||
| 590 |
_aBATCH-UPD _b10 _c20130913 _lUCH01 _h2247 |
||
| 590 |
_aCONVERSION _b10 _c20130109 _lUCH01 _h1332 |
||
| 650 | 1 | 4 |
_aAgua en suelos. _92428 |
| 650 | 1 | 4 |
_aConductividad hidráulica. _926345 |
| 650 | 1 | 4 |
_aSuelos _xPermeabilidad. _9110458 |
| 901 | _aBK | ||
| 942 | _cTESIS | ||
| 949 |
_bBC _cTES _d-144481 _eTS1 _h29018 _i65189 _si |
||
| 999 |
_c60053 _d60053 |
||